000 00695nam a2200253Ia 4500
003 OSt
005 20220918213329.0
006 a|||||r|||| 00| 0
007 ta
008 220917b |||||||| |||| 00| 0 eng d
024 _a132,174
037 _cTextual
040 _aARTS
_cARTS
_beng
041 _2eng
_aeng
082 _aX:89Mg, L61
100 _aDubin Robert Ed.
_9126508
245 0 _aHandbook of work, organization and society
260 _aChicago
_bRaand Mcnally College
_c1976
300 _axi,1068p.
_ccm.
490 _aRand Mcnally Handbook series
650 _aECONOMICS
942 _hX:89Mg, L61
_cTEXL
_2CC
999 _c255296
_d255296